Attila the Hun : barbarian terror and the fall of the Roman Empire /

Bibliographic Details
Main Author: Kelly, Christopher, 1964-
Format: Book
Language:English
Published: Toronto : McArthur & Company, 2008.
Subjects:

MARC

Tag First Indicator Second Indicator Subfields
LEADER 00000cam a2200000 a 4500
001 in00002491213
005 20151110061340.0
008 080620s2008 oncab b 001 0beng
020 |a 9781552787458 
020 |a 1552787451 
035 |a (OCoLC)ocn232711751 
040 |a NLC  |b eng  |c NLC  |d C#P  |d UtOrBLW 
049 |a TXAM 
055 0 |a D141  |b K44 2008 
055 0 0 |a D141  |b K44 2008 
082 0 |a 936/.03092  |2 22 
090 |a D141  |b .K45 2008 
100 1 |a Kelly, Christopher,  |d 1964- 
245 1 0 |a Attila the Hun :  |b barbarian terror and the fall of the Roman Empire /  |c Christopher Kelly. 
264 1 |a Toronto :  |b McArthur & Company,  |c 2008. 
300 |a 290 pages, 16 unnumbered pages of plates :  |b illustrations, maps ;  |c 24 cm. 
336 |a text  |b txt  |2 rdacontent 
337 |a unmediated  |b n  |2 rdamedia 
338 |a volume  |b nc  |2 rdacarrier 
504 |a Includes bibliographical references and index. 
600 0 0 |a Attila,  |d -453. 
650 0 |a Huns  |x History. 
651 0 |a Rome  |x History  |y Germanic Invasions, 3d-6th centuries. 
651 0 |a Rome  |x History  |y Empire, 284-476. 
650 0 |a Huns  |x Kings and rulers  |v Biography. 
945 |a PromptCat  |b 613469 
946 |a stk 
947 |a A14837439041 
948 |a cataloged  |b h  |c 2009/2/17  |d c  |e dmitchel  |f 1:00:00 pm 
994 |a 92  |b TXA 
999 |a MARS 
999 f f |s 8b57c8ff-376b-31a0-9e7c-4ebc09d47f18  |i 1edff2e7-b6e3-3400-a51f-7c907916f824  |t 0 
952 f f |p ric  |a Texas A&M University  |b Rellis Campus  |c Joint Library Facility  |d Remote Storage  |t 0  |e D141 .K45 2008  |h Library of Congress classification  |i unmediated -- volume  |m A14837439041 
998 f f |a D141 .K45 2008  |t 0  |l Remote Storage